| 000 | 00000nas 2200000za 4500 |
| 001 | 9.841844 |
| 003 | CaOODSP |
| 005 | 20221107152204 |
| 007 | cr ||||||||||| |
| 008 | 170816d19871992oncar p oss f0###a0eng|d |
| 022 | |y0703-2633|y0703-2544 |
| 040 | |aCaOODSP|beng |
| 041 | |aeng|afre |
| 043 | |an-cn--- |
| 086 | 1 |aCS11-201-PDF |
| 110 | 1 |aCanada.|bStatistics Canada.|bCommunications Section. |
| 245 | 14|aThe ... annual report of Statistics Canada |h[electronic resource] / |cprepared by Communications Division. |
| 246 | 04|aAnnual report |
| 246 | 15|aRapport annuel de Statistique Canada |
| 260 | |a[Ottawa] : |bStatistics Canada, |c[1987]-1993. |
| 310 | |aAnnual |
| 362 | 0 |a1986/87-1991/92. |
| 500 | |aDigitized edition from print [produced by Statistics Canada]. |
| 500 | |aTitle on added title page: Rapport annuel de Statistique Canada. |
| 515 | |aReport year ends March 31. |
| 546 | |aText in English and French with separate title pages. |
| 692 | 07|2gccst|aStatistics |
| 780 | 00|tAnnual report of Statistics Canada |w(CaOODSP)9.841842 |
| 792 | |tThe ... annual report of Statistics Canada |efre|w(CaOODSP)9.841845 |